|
|
|
|
| LEADER |
00000nab a2200000uu 4500 |
| 001 |
vtls011506387 |
| 003 |
SK-MaSNL |
| 005 |
20260304030017.0 |
| 008 |
250310|1970 xo |||||||||||||||||slo| |
| 015 |
|
|
|a SNBRB
|
| 035 |
|
|
|a (urnnbn)urn:nbn:sk:snk:ar-a0avxg
|
| 035 |
|
|
|a (uuid)260bf991-466b-4037-896c-28b638d17089
|
| 035 |
|
|
|a urn:nbn:sk:snk-abdzl1
|
| 040 |
|
|
|a SNKBUCL
|b slo
|c SNKBUCL
|e AACR2
|
| 041 |
0 |
|
|a slo
|
| 044 |
|
|
|a xo
|c SK
|
| 100 |
1 |
|
|a Plutko, Pavol,
|d 1934-2015
|4 aut
|9 105423
|
| 245 |
1 |
0 |
|a Autorský subjekt v poézii pre deti
|c Pavol Plutko
|
| 650 |
0 |
7 |
|a poézia pre deti
|2 SNKPH
|9 31212
|
| 650 |
0 |
7 |
|a literatúra pre deti
|2 SNKPH
|9 55721
|
| 773 |
0 |
|
|t Zlatý máj : kritická revue tvorby pro mládež
|g Roč. 14, č. 3 (1970), s. 175-178
|
| 958 |
|
|
|a OND
|
| 958 |
|
|
|a article20
|
| 999 |
|
|
|c 2631174
|d 2633104
|